|
|
|
|
| LEADER |
00000nam0a2200000 4500 |
| 001 |
29397 |
| 005 |
20231101205915.0 |
| 010 |
|
|
|a 5940100392
|
| 035 |
|
|
|a (RuTPU)RU\TPU\book\29658
|
| 035 |
|
|
|a BOOK00029733
|
| 090 |
|
|
|a 29397
|
| 100 |
|
|
|a 20011209d2001 m y0rusy50 ca
|
| 101 |
0 |
|
|a rus
|
| 102 |
|
|
|a RU
|
| 105 |
|
|
|a a j 001zy
|
| 200 |
1 |
|
|a Метрология
|e учебное пособие для вузов
|f А. Г. Сергеев, В. В. Крохин
|
| 210 |
|
|
|a Москва
|c Логос
|d 2001
|
| 215 |
|
|
|a 408 с.
|c ил.
|
| 225 |
1 |
|
|a Учебник для XXI века
|
| 320 |
|
|
|a Библиогр.: с. 394-398.
|
| 320 |
|
|
|a Предм. указ.: с. 399-402.
|
| 451 |
|
1 |
|0 (RuTPU)RU\TPU\book\30119
|y 5-94010-037-6
|t Метрология
|o учебное пособие
|f А. Г. Сергеев, В. В. Крохин
|c Москва
|n Логос
|d 2001
|p 375 с.
|a Сергеев, Алексей Георгиевич
|
| 451 |
|
1 |
|0 (RuTPU)RU\TPU\book\15141
|y 5-88439-018-8
|t Метрология
|o учебное пособие
|f А. Г. Сергеев, В. В. Крохин
|c Москва
|n Логос
|d 2000
|p 408 с.
|s Учебник для XXI века
|a Сергеев, Алексей Георгиевич
|
| 606 |
|
|
|a Метрология
|2 stltpush
|3 (RuTPU)RU\TPU\subj\43497
|9 62988
|
| 610 |
1 |
|
|a физические величины
|
| 610 |
1 |
|
|a единицы
|
| 610 |
1 |
|
|a размеры
|
| 610 |
1 |
|
|a измерения
|
| 610 |
1 |
|
|a погрешности
|
| 610 |
1 |
|
|a средства измерения
|
| 610 |
1 |
|
|a учебные пособия
|
| 675 |
|
|
|a 006(075.8)
|v 4
|
| 700 |
|
1 |
|a Сергеев
|b А. Г.
|g Алексей Георгиевич
|
| 701 |
|
1 |
|a Крохин
|b В. В.
|g Виктор Васильевич
|
| 801 |
|
0 |
|a RU
|b 63413507
|c 20011209
|g PSBO
|
| 801 |
|
2 |
|a RU
|b 63413507
|c 20180618
|g PSBO
|
| 900 |
|
|
|a Метрология
|
| 900 |
|
|
|a Управление, сертификация и инноватика
|
| 942 |
|
|
|c BK
|
| 952 |
|
|
|a 552200
|